000 00771nac a22002537a 4500
001 BR8305823
003 BR-BrBNA
005 20240105115902.0
008 230509b bl.|||m| |||| 00| 0 por d
040 _aBR-BrBNA
_bpor
_cBiblioteca Nacional de Agricultura
072 _aP10
090 _aP10 BR8305823
110 1 _aInstituto Geologico, Sao Paulo, SP (Brasil)
_96369
245 1 _aRelatorio 1981/1982 [Instituto Geologico, Sao Paulo, Brasil]
260 3 _aSao Paulo, SP (Brasil):
_c1983.
300 _a39 p.
490 _aRelatorio - Instituto Geologico (Brazil)
_v
_x
500 _a19 graphs
650 _aAGUAS SUBTERRANEAS
650 _aRECURSO MINERAL
650 _aSAO PAULO
909 _a202312
_bLúcia Elande
_c55
_dLúcia Elande
942 _2AGRIS
_n0
_cMS
999 _c276895
_d276895